[Event "Moscow op (Women) 16th"]
[Site "Moscow"]
[Date "2020.02.02"]
[Round "9"]
[White "Lysenko, Olesya"]
[Black "Levicheva, Ekaterina"]
[Result "1/2-1/2"]
[WhiteElo "1771"]
[BlackElo "2012"]
[PlyCount "129"]
[EventDate "2020.01.25"]
[EventType "swiss"]
[EventRounds "9"]
[EventCountry "RUS"]
[SourceTitle "CBM 194 Extra"]
[Source "ChessBase"]
[SourceDate "2020.03.31"]
[SourceVersion "1"]
[SourceVersionDate "2020.03.31"]
[SourceQuality "1"]

1. e4 e6 2. d3 c5 3. g3 Nc6 4. Bg2 g6 5. f4 Bg7 6. Nf3 Nge7 7. 0-0 d6 8. Nbd2 0-0 9. c3 Rb8 10. Qe1 e5 11. Nb3 b6 12. Be3 Be6 13. Qd2 d5 14. Nxe5 Nxe5 15. fxe5 dxe4 16. d4 c4 17. Nc1 Bd5 18. Bg5 Qd7 19. Qf4 Rbe8 20. Ne2 Qc6 21. Bf6 e3 22. Bxg7 Bxg2 23. Bxf8 Rxf8 24. Qxe3 Nd5 25. Qd2 Bxf1 26. Rxf1 f6 27. Nf4 fxe5 28. dxe5 Qc5+ 29. Qd4 Ne3 30. Qxc5 bxc5 31. Re1 Nf5 32. e6 Re8 33. Re5 Ng7 34. Rxc5 Nxe6 35. Rxc4 Ng5 36. Rc5 Nf3+ 37. Kg2 Ne5 38. h3 g5 39. Nd5 Kg7 40. Rc7+ Nf7 41. Re7 Rd8 42. c4 Kf8 43. Rxa7 Re8 44. Kf2 Ne5 45. Nf6 Nd3+ 46. Kf3 Ne5+ 47. Kg2 Rd8 48. Nxh7+ Kg8 49. Nf6+ Kf8 50. Kf2 Rd2+ 51. Ke3 Nxc4+ 52. Ke4 Rxb2 53. Kf5 Rf2+ 54. Kxg5 Rf3 55. g4 Rxh3 56. Rc7 Ne5 57. Kf5 Nf7 58. a4 Rf3+ 59. Ke6 Ng5+ 60. Kd5 Rxf6 61. Rc6 Rf4 62. a5 Rxg4 63. Rc4 Rg1 64. Kc6 Nf7 65. Kb6 1/2-1/2

[Event "Chigorin Memorial 27th"]
[Site "St Petersburg"]
[Date "2019.10.09"]
[Round "5"]
[White "Kulek, Yuri"]
[Black "Lysenko, Olesya"]
[Result "0-1"]
[WhiteElo "2029"]
[BlackElo "1706"]
[PlyCount "56"]
[EventDate "2019.10.05"]
[EventType "swiss"]
[EventRounds "9"]
[EventCountry "RUS"]
[SourceTitle "EXT 2020"]
[Source "ChessBase"]
[SourceDate "2019.10.17"]
[SourceVersion "1"]
[SourceVersionDate "2019.10.17"]
[SourceQuality "1"]

1. d4 Nf6 2. c4 g6 3. Nf3 Bg7 4. g3 0-0 5. Bg2 d6 6. 0-0 Nc6 7. Nc3 a6 8. Bf4 Rb8 9. Rc1 Bd7 10. d5 Na5 11. b3 c5 12. e4 Nh5 13. Be3 b5 14. Nd2 bxc4 15. bxc4 Rb2 16. Bf3 Nf6 17. Rc2 Qb6 18. Qc1 Rb8 19. Nd1 Rxc2 20. Qxc2 Ng4 21. Bg5 Ne5 22. Bg2 Kf8 23. h3 Qb4 24. Ne3 Ba4 25. Qc1 Nd3 26. Qb1 Qxb1 27. Rxb1 Rxb1+ 28. Nxb1 h6 0-1

[Event "Chigorin Memorial 27th"]
[Site "St Petersburg"]
[Date "2019.10.06"]
[Round "2"]
[White "Strukova, Ksenia"]
[Black "Lysenko, Olesya"]
[Result "1-0"]
[WhiteElo "2002"]
[BlackElo "1706"]
[PlyCount "101"]
[EventDate "2019.10.05"]
[EventType "swiss"]
[EventRounds "9"]
[EventCountry "RUS"]
[SourceTitle "EXT 2020"]
[Source "ChessBase"]
[SourceDate "2019.10.17"]
[SourceVersion "1"]
[SourceVersionDate "2019.10.17"]
[SourceQuality "1"]

1. e4 e6 2. d4 d5 3. Nd2 c5 4. exd5 Qxd5 5. Ngf3 cxd4 6. Bc4 Qd8 7. 0-0 Nc6 8. Nb3 a6 9. Nbxd4 Nxd4 10. Nxd4 Qc7 11. Qe2 Bd6 12. h3 Ne7 13. c3 0-0 14. Be3 b5 15. Bb3 Bb7 16. Rac1 Nd5 17. Bd2 Nf4 18. Bxf4 Bxf4 19. Rcd1 Rfe8 20. Rfe1 g6 21. Bc2 e5 22. Nf3 e4 23. Nd4 e3 24. f3 Bg3 25. Rf1 Qf4 26. Nb3 Bf2+ 27. Rxf2 exf2+ 28. Qxf2 Rad8 29. Nd4 Bd5 30. Bb3 Bxb3 31. axb3 Re3 32. b4 Rde8 33. g3 Qe5 34. Kg2 Re1 35. Rd2 Qc7 36. Nc2 Rb1 37. Ne3 Qe5 38. Ng4 Qe1 39. Nf6+ Kh8 40. Qxe1 Rexe1 41. g4 Kg7 42. Ne4 Rbd1 43. Rc2 f5 44. gxf5 gxf5 45. Ng3 Kg6 46. Ne2 Kg5 47. b3 f4 48. c4 Rb1 49. c5 Rxb3 50. c6 Rxb4 51. Kf2 1-0

[Event "St Petersburg Korchnoi Memorial op"]
[Site "St Petersburg"]
[Date "2018.08.23"]
[Round "9"]
[White "Bulsoev, Alexander"]
[Black "Lysenko, Olesya"]
[Result "0-1"]
[WhiteElo "1839"]
[BlackElo "1709"]
[PlyCount "116"]
[EventDate "2018.08.15"]
[EventType "swiss"]
[EventRounds "9"]
[EventCountry "RUS"]
[SourceTitle "CBM 186 Extra"]
[Source "ChessBase"]
[SourceDate "2018.08.24"]
[SourceVersion "1"]
[SourceVersionDate "2018.08.24"]
[SourceQuality "1"]

1. e4 e5 2. Nf3 Nc6 3. Bb5 a6 4. Bxc6 dxc6 5. 0-0 Bg4 6. h3 h5 7. d3 Qf6 8. Nbd2 Ne7 9. b3 Ng6 10. Bb2 Bd6 11. Re1 Bxf3 12. Nxf3 c5 13. Bc1 Qe7 14. Be3 0-0-0 15. Qe2 Rdg8 16. a3 Nf8 17. Nd2 g5 18. g3 Qd7 19. Kg2 f6 20. Rh1 Ng6 21. Kf1 Be7 22. Qf3 Bd8 23. b4 cxb4 24. axb4 g4 25. Qg2 Be7 26. Rb1 Qa4 27. c3 Qc2 28. Ke2 Rd8 29. d4 exd4 30. cxd4 Qa4 31. Rhc1 Bxb4 32. Rc4 a5 33. Rbc1 Qb5 34. f4 Rhe8 35. f5 Ne7 36. Kf2 Rd7 37. Qf1 Kb8 38. d5 Nc8 39. Rd4 Qxf1+ 40. Rxf1 Nd6 41. Re1 Rde7 42. Re2 Bxd2 43. Bxd2 Rxe4 44. Rdxe4 Rxe4 45. Bxa5 Rxe2+ 46. Kxe2 Nxf5 47. hxg4 hxg4 48. Be1 Ne7 49. d6 cxd6 50. Ke3 Kc7 51. Kf4 f5 52. Bf2 Kd7 53. Bd4 Ke6 54. Ba1 Nd5+ 55. Kg5 b5 56. Bd4 b4 57. Bb2 Ne3 58. Bd4 Nc4 0-1

[Event "St Petersburg Korchnoi Memorial op"]
[Site "St Petersburg"]
[Date "2018.08.15"]
[Round "1"]
[White "Chekletsov, Egor"]
[Black "Lysenko, Olesya"]
[Result "1/2-1/2"]
[WhiteElo "2171"]
[BlackElo "1709"]
[PlyCount "80"]
[EventDate "2018.08.15"]
[EventType "swiss"]
[EventRounds "9"]
[EventCountry "RUS"]
[SourceTitle "CBM 186 Extra"]
[Source "ChessBase"]
[SourceDate "2018.08.24"]
[SourceVersion "1"]
[SourceVersionDate "2018.08.24"]
[SourceQuality "1"]

1. d4 Nf6 2. c4 e6 3. Nf3 d5 4. Nc3 c5 5. cxd5 Nxd5 6. e4 Nxc3 7. bxc3 cxd4 8. cxd4 Bb4+ 9. Bd2 Bxd2+ 10. Qxd2 0-0 11. Be2 b6 12. 0-0 Bb7 13. Qe3 Nd7 14. e5 Qe7 15. Bd3 Rfd8 16. Ng5 Nf8 17. f4 Qb4 18. Rad1 h6 19. Nf3 Kh8 20. Be4 Bxe4 21. Qxe4 Kg8 22. f5 exf5 23. Qxf5 Ne6 24. Kh1 Rd5 25. Nh4 Qe7 26. Qe4 Rad8 27. Nf5 Qb4 28. Qg4 Kh7 29. Nd6 Ng5 30. h4 Rxe5 31. Nxf7 Nxf7 32. Rxf7 Rg8 33. Rdf1 Re7 34. Qf5+ Kh8 35. d5 Qxh4+ 36. Kg1 Rxf7 37. Qxf7 Qd4+ 38. Kh1 Qh4+ 39. Kg1 Qd4+ 40. Kh1 Qh4+ 1/2-1/2

[Event "Samara Polugaevsky Memorial 7th"]
[Site "Samara"]
[Date "2017.07.14"]
[Round "7"]
[White "Dugushov, Sergey Viktorovich"]
[Black "Lysenko, Olesya"]
[Result "1-0"]
[WhiteElo "2133"]
[BlackElo "1637"]
[PlyCount "49"]
[EventDate "2017.07.08"]
[EventType "swiss"]
[EventRounds "9"]
[EventCountry "RUS"]
[SourceTitle "EXT 2018"]
[Source "ChessBase"]
[SourceDate "2017.10.13"]
[SourceVersion "1"]
[SourceVersionDate "2017.10.13"]
[SourceQuality "1"]

1. c4 Nf6 2. Nc3 g6 3. e4 d6 4. d4 Bg7 5. f3 0-0 6. Be3 Nbd7 7. Nge2 c5 8. Qd2 a6 9. dxc5 dxc5 10. Nf4 b6 11. Be2 Bb7 12. 0-0 Qc7 13. Rfd1 Rfd8 14. Nfd5 Nxd5 15. Nxd5 Bxd5 16. exd5 Nf6 17. Bf4 Qd7 18. Qc2 Ne8 19. Be3 Nd6 20. g4 e6 21. Kg2 exd5 22. Rxd5 Nf5 23. gxf5 Qe7 24. Bf4 Re8 25. Bf1 1-0

[Event "Samara Polugaevsky Memorial 7th"]
[Site "Samara"]
[Date "2017.07.13"]
[Round "6"]
[White "Lysenko, Olesya"]
[Black "Mkhitaryan, Karen"]
[Result "1-0"]
[WhiteElo "1637"]
[BlackElo "1293"]
[PlyCount "69"]
[EventDate "2017.07.08"]
[EventType "swiss"]
[EventRounds "9"]
[EventCountry "RUS"]
[SourceTitle "EXT 2018"]
[Source "ChessBase"]
[SourceDate "2017.10.13"]
[SourceVersion "1"]
[SourceVersionDate "2017.10.13"]
[SourceQuality "1"]

1. e4 c5 2. Nc3 Nc6 3. f4 e6 4. g3 g6 5. Bg2 Bg7 6. d3 h5 7. Be3 b6 8. Qd2 Nf6 9. 0-0-0 h4 10. Nf3 Ng4 11. Nxh4 Nxe3 12. Qxe3 e5 13. Kb1 Bh6 14. Nf3 d6 15. Rdf1 Ba6 16. Nd5 b5 17. h4 Rb8 18. h5 c4 19. hxg6 fxg6 20. Rxh6 Rxh6 21. fxe5 Rh8 22. Ng5 Nxe5 23. Qxa7 Bb7 24. Ne6 Qc8 25. Nb6 Nc6 26. Nxc8 Nxa7 27. Nxa7 Kd7 28. Nd4 Rh2 29. Bf3 cxd3 30. cxd3 Rd2 31. Be2 Bxe4 32. Kc1 Rxe2 33. Nxe2 Bxd3 34. Kd2 Bf5 35. Nd4 1-0

[Event "Samara Polugaevsky Memorial 7th"]
[Site "Samara"]
[Date "2017.07.12"]
[Round "5"]
[White "Sevastianov, Viktor"]
[Black "Lysenko, Olesya"]
[Result "1-0"]
[WhiteElo "1867"]
[BlackElo "1637"]
[PlyCount "77"]
[EventDate "2017.07.08"]
[EventType "swiss"]
[EventRounds "9"]
[EventCountry "RUS"]
[SourceTitle "EXT 2018"]
[Source "ChessBase"]
[SourceDate "2017.10.13"]
[SourceVersion "1"]
[SourceVersionDate "2017.10.13"]
[SourceQuality "1"]

1. c4 Nf6 2. Nc3 g6 3. g3 Bg7 4. Bg2 0-0 5. e3 d6 6. Nge2 Nc6 7. 0-0 e5 8. d3 Be6 9. Nd5 Qd7 10. Nec3 a6 11. Rb1 Rab8 12. a4 Ne7 13. Nxf6+ Bxf6 14. Ne4 Bg7 15. Ng5 c6 16. Nxe6 Qxe6 17. Bd2 f5 18. Qc2 Bh6 19. f4 g5 20. fxg5 Bxg5 21. e4 f4 22. gxf4 exf4 23. Rf3 Rf6 24. Bh3 Qf7 25. Kh1 Ng6 26. Rg1 Bh6 27. Bc3 Kf8 28. Bxf6 Qxf6 29. Qc3 Ne5 30. Bf5 Qh4 31. Rh3 Qf2 32. Qe1 Qxe1 33. Rxe1 Bg7 34. Rf1 f3 35. d4 Nxc4 36. Rfxf3 Nxb2 37. Rxh7 Bxd4 38. Be6+ Ke8 39. Rg3 1-0

[Event "Samara Polugaevsky Memorial 7th"]
[Site "Samara"]
[Date "2017.07.09"]
[Round "2"]
[White "Teiitbaev, Aktilek"]
[Black "Lysenko, Olesya"]
[Result "1-0"]
[WhiteElo "2016"]
[BlackElo "1637"]
[PlyCount "39"]
[EventDate "2017.07.08"]
[EventType "swiss"]
[EventRounds "9"]
[EventCountry "RUS"]
[SourceTitle "EXT 2018"]
[Source "ChessBase"]
[SourceDate "2017.10.13"]
[SourceVersion "1"]
[SourceVersionDate "2017.10.13"]
[SourceQuality "1"]

1. e4 e5 2. Nf3 Nc6 3. Bc4 Bc5 4. c3 Nf6 5. d3 d6 6. 0-0 0-0 7. Nbd2 a6 8. Re1 b5 9. Bb3 Be6 10. Nf1 Bxb3 11. Qxb3 h6 12. Ng3 Re8 13. Be3 Bxe3 14. Rxe3 Qb8 15. Nf5 Qb6 16. N3h4 Re6 17. Rg3 Nh5 18. Nxg7 Nxg7 19. Nf5 Rg6 20. Rxg6 1-0

[Event "Moscow op-B (Women) 13th"]
[Site "Moscow"]
[Date "2017.02.03"]
[Round "7"]
[White "Lysenko, Olesya"]
[Black "Elkina, Yuliya"]
[Result "0-1"]
[WhiteElo "1504"]
[BlackElo "1652"]
[PlyCount "114"]
[EventDate "2017.01.28"]
[EventType "swiss"]
[EventRounds "9"]
[EventCountry "RUS"]
[SourceTitle "EXT 2018"]
[Source "ChessBase"]
[SourceDate "2017.10.13"]
[SourceVersion "1"]
[SourceVersionDate "2017.10.13"]
[SourceQuality "1"]

1. e4 e6 2. d4 b6 3. g3 Bb7 4. Bg2 f5 5. d5 fxe4 6. Bxe4 Nf6 7. Bg5 exd5 8. Bg2 c6 9. Nd2 Bc5 10. Ne2 0-0 11. 0-0 Na6 12. Nf3 Nc7 13. Nf4 Ne6 14. Nxe6 dxe6 15. Bh3 Qd6 16. Bf4 Qe7 17. Qe2 Ne4 18. Nd2 e5 19. Nxe4 exf4 20. Nc3 Qxe2 21. Nxe2 Ba6 22. Nxf4 Bxf1 23. Kxf1 g5 24. Nd3 Rf6 25. Re1 Raf8 26. Re2 Bd6 27. Bd7 Bc5 28. Bh3 Kg7 29. Bg4 a5 30. Kg2 Bd6 31. f3 c5 32. Kf1 d4 33. Ne5 Bxe5 34. Rxe5 h6 35. Bh5 Kg8 36. Kf2 Rd6 37. Ke2 c4 38. Kd2 Rfd8 39. Bg4 Kf8 40. Re4 b5 41. Re5 Rd5 42. f4 b4 43. Rxd5 Rxd5 44. Be6 Rc5 45. b3 cxb3 46. axb3 gxf4 47. gxf4 Rc3 48. h4 Ke7 49. Bf5 Rf3 50. Bg6 Rxf4 51. h5 Rf3 52. Be4 Rh3 53. Bg6 Kf6 54. Ke2 Kg5 55. Kd2 Kf4 56. Ke2 Kg5 57. Kd2 Rxh5 0-1

[Event "Voronezh op-B 20th"]
[Site "Voronezh"]
[Date "2016.06.13"]
[Round "2"]
[White "Lysenko, Olesya"]
[Black "Golyshkina, Marina"]
[Result "1-0"]
[WhiteElo "1356"]
[BlackElo "1748"]
[PlyCount "65"]
[EventDate "2016.06.12"]
[EventType "swiss"]
[EventRounds "9"]
[EventCountry "RUS"]
[SourceTitle "EXT 2017"]
[Source "ChessBase"]
[SourceDate "2016.10.25"]
[SourceVersion "1"]
[SourceVersionDate "2016.10.25"]
[SourceQuality "1"]

1. e4 c5 2. Nc3 d6 3. f4 Nc6 4. Nf3 e6 5. Bc4 Be7 6. 0-0 a6 7. a4 Nf6 8. d4 cxd4 9. Nxd4 Qb6 10. Be3 Qxb2 11. Qd2 Qb4 12. Be2 Qa5 13. Nxc6 bxc6 14. Rfb1 Qc7 15. Rb6 0-0 16. Rab1 Nd7 17. R6b3 c5 18. a5 Rb8 19. Rxb8 Nxb8 20. Na4 Bb7 21. Bf3 Nd7 22. Nb6 Bc6 23. e5 Bxf3 24. gxf3 d5 25. Qd3 c4 26. Qf1 Bc5 27. Qf2 Bxe3 28. Qxe3 Qc5 29. Kf2 Rb8 30. Qxc5 Nxc5 31. Rb2 Kf8 32. Ke3 Ke7 33. Nxd5+ 1-0

[Event "Kimry Autumn op"]
[Site "Kimry"]
[Date "2013.08.30"]
[Round "6"]
[White "Chistyakova, Daria"]
[Black "Lysenko, Olesya"]
[Result "1-0"]
[WhiteElo "1641"]
[BlackElo "1352"]
[PlyCount "45"]
[EventDate "2013.08.28"]
[EventType "swiss"]
[EventRounds "7"]
[EventCountry "RUS"]
[SourceTitle "CBM 156 Extra"]
[Source "ChessBase"]
[SourceDate "2013.10.22"]
[SourceVersion "1"]
[SourceVersionDate "2013.10.22"]
[SourceQuality "1"]

1. e4 e5 2. Nf3 Nc6 3. Bc4 Bc5 4. 0-0 d6 5. c3 Nf6 6. d4 exd4 7. cxd4 Bb6 8. d5 Ne7 9. Nc3 0-0 10. Bg5 Ng6 11. Qd2 Re8 12. Rfe1 Bg4 13. Nd4 Ne5 14. Bb5 Bd7 15. Bxd7 Qxd7 16. Bxf6 gxf6 17. Nf5 Ng4 18. Rf1 Ne5 19. Qh6 Qxf5 20. exf5 Ng4 21. Qh4 Nxf2 22. Rxf2 Bxf2+ 23. Qxf2 1-0

[Event "Kimry Summer op 63rd"]
[Site "Kimry"]
[Date "2012.06.10"]
[Round "6"]
[White "Lysenko, Olesya"]
[Black "Protasov, Sergey"]
[Result "0-1"]
[WhiteElo "1381"]
[BlackElo "1568"]
[PlyCount "58"]
[EventDate "2012.06.08"]
[EventType "swiss"]
[EventRounds "7"]
[EventCountry "RUS"]
[SourceTitle "EXT 2014"]
[Source "ChessBase"]
[SourceDate "2013.11.20"]
[SourceVersion "1"]
[SourceVersionDate "2013.11.20"]
[SourceQuality "1"]

1. e4 c5 2. Nf3 e6 3. d4 cxd4 4. Nxd4 Nf6 5. Nc3 d6 6. Bg5 Be7 7. Bd3 a6 8. 0-0 0-0 9. Qf3 Qc7 10. Rad1 Nbd7 11. Qh3 h6 12. Bxf6 Bxf6 13. Be2 b5 14. a3 Bb7 15. Bg4 Bxd4 16. Rxd4 Nf6 17. Bf3 Qc4 18. Rd2 b4 19. axb4 Qxb4 20. Rb1 Nxe4 21. Bxe4 Bxe4 22. Nxe4 Qxe4 23. Qd3 Qxd3 24. Rxd3 d5 25. Ra3 Rfc8 26. c3 Rab8 27. Rxa6 Rxc3 28. h3 Rcb3 29. Ra2 Kf8 0-1

[Event "Pushchino op"]
[Site "Pushchino"]
[Date "2012.02.25"]
[Round "5"]
[White "Kroll, Dmitry V"]
[Black "Lysenko, Olesya"]
[Result "1-0"]
[WhiteElo "1651"]
[BlackElo "1482"]
[PlyCount "55"]
[EventDate "2012.02.24"]
[EventType "swiss"]
[EventRounds "7"]
[EventCountry "RUS"]
[SourceTitle "EXT 2014"]
[Source "ChessBase"]
[SourceDate "2013.11.20"]
[SourceVersion "1"]
[SourceVersionDate "2013.11.20"]
[SourceQuality "1"]

1. d4 d5 2. c4 e6 3. Nc3 Nf6 4. Nf3 Bb4 5. e3 0-0 6. Bd3 dxc4 7. Bxc4 Ne4 8. Qc2 Nxc3 9. bxc3 Be7 10. 0-0 Nc6 11. Rd1 Qd6 12. e4 Rd8 13. a4 e5 14. Ba3 Qf6 15. Bxe7 Qxe7 16. Nxe5 Nxe5 17. dxe5 Rxd1+ 18. Rxd1 Bd7 19. Qb3 Be6 20. Qxb7 Re8 21. Bxe6 Qxe6 22. Qxc7 a6 23. Qd7 h6 24. Qxe6 Rxe6 25. f4 Rc6 26. Rd8+ Kh7 27. Rd3 f6 28. Rd6 1-0

[Event "Pushchino op"]
[Site "Pushchino"]
[Date "2012.02.25"]
[Round "3"]
[White "Lysenko, Olesya"]
[Black "Uvarov, Viktor"]
[Result "0-1"]
[WhiteElo "1482"]
[BlackElo "1818"]
[PlyCount "54"]
[EventDate "2012.02.24"]
[EventType "swiss"]
[EventRounds "7"]
[EventCountry "RUS"]
[SourceTitle "EXT 2014"]
[Source "ChessBase"]
[SourceDate "2013.11.20"]
[SourceVersion "1"]
[SourceVersionDate "2013.11.20"]
[SourceQuality "1"]

1. e4 c6 2. d4 d5 3. e5 Bf5 4. Bd3 Bxd3 5. Qxd3 e6 6. Bf4 Qa5+ 7. c3 Qa6 8. Qg3 Ne7 9. Nf3 Nf5 10. Qg4 c5 11. a3 Qd3 12. Bg3 Nc6 13. dxc5 Bxc5 14. Nbd2 g6 15. Qg5 Be7 16. Qf4 Rd8 17. c4 Ncd4 18. Kd1 Qc2+ 19. Ke1 Qd3 20. Nxd4 Nxd4 21. Qe3 Nc2+ 22. Kd1 Nxe3+ 23. fxe3 dxc4 24. Be1 Qxe3 25. Kc1 Bg5 26. Kb1 Qd3+ 27. Ka2 Bxd2 0-1

[Event "Moscow op (Women)"]
[Site "Moscow"]
[Date "2012.02.02"]
[Round "6"]
[White "Stanetskaya, Galina"]
[Black "Lysenko, Olesya"]
[Result "1-0"]
[WhiteElo "1534"]
[BlackElo "1482"]
[PlyCount "76"]
[EventDate "2012.01.28"]
[EventType "swiss"]
[EventRounds "9"]
[EventCountry "RUS"]
[SourceTitle "CBM 146 Extra"]
[Source "ChessBase"]
[SourceDate "2012.02.29"]
[SourceVersion "1"]
[SourceVersionDate "2012.02.29"]
[SourceQuality "1"]

1. e4 e5 2. Nf3 Nc6 3. d4 exd4 4. Nxd4 Nf6 5. Nc3 Bb4 6. Nxc6 bxc6 7. Bd2 0-0 8. Bd3 d5 9. e5 Re8 10. f4 Nd7 11. a3 Bc5 12. b4 Bd4 13. Rb1 f6 14. Ne2 fxe5 15. c3 Bb6 16. c4 a6 17. c5 Ba7 18. 0-0 Kh8 19. Ng3 Nf6 20. fxe5 Rxe5 21. Bf4 Re8 22. Bg5 Rf8 23. Rb2 Rf7 24. Rbf2 Be6 25. Nh5 Bg4 26. Be2 Bxh5 27. Bxh5 Rf8 28. Qd4 Qe7 29. Bxf6 gxf6 30. Rxf6 Kg8 31. Qg4+ Qg7 32. Qe6+ Kh8 33. Rf7 Rxf7 34. Bxf7 Rd8 35. h4 Qd4+ 36. Kh1 Qxh4+ 37. Kg1 d4 38. Qe5+ Qf6 1-0

[Event "Moscow op (Women)"]
[Site "Moscow"]
[Date "2012.01.28"]
[Round "1"]
[White "Zherebtsova, Alexandra"]
[Black "Lysenko, Olesya"]
[Result "1-0"]
[WhiteElo "2041"]
[BlackElo "1482"]
[PlyCount "57"]
[EventDate "2012.01.28"]
[EventType "swiss"]
[EventRounds "9"]
[EventCountry "RUS"]
[SourceTitle "CBM 146 Extra"]
[Source "ChessBase"]
[SourceDate "2012.02.29"]
[SourceVersion "1"]
[SourceVersionDate "2012.02.29"]
[SourceQuality "1"]

1. e4 e5 2. Nf3 Nc6 3. Bb5 a6 4. Ba4 Nf6 5. 0-0 d6 6. Re1 Be6 7. c3 Be7 8. d4 Bd7 9. Nbd2 0-0 10. Nf1 Bg4 11. Bxc6 bxc6 12. h3 Bh5 13. Ng3 Bxf3 14. Qxf3 Nd7 15. Nf5 Rb8 16. Qg3 g6 17. Nxe7+ Qxe7 18. b3 Rfe8 19. Bb2 a5 20. c4 Rbd8 21. dxe5 dxe5 22. Rab1 f6 23. f4 exf4 24. Qxf4 Ne5 25. Rf1 Kg7 26. Qd2 c5 27. Qxa5 Nc6 28. Qc3 Nd4 29. Rbe1 1-0

[Event "Pushkino op"]
[Site "Pushkino"]
[Date "2012.01.14"]
[Round "8"]
[White "Osadchy, Viktor S"]
[Black "Lysenko, Olesya"]
[Result "1-0"]
[WhiteElo "2161"]
[BlackElo "1482"]
[PlyCount "51"]
[EventDate "2012.01.11"]
[EventType "swiss"]
[EventRounds "9"]
[EventCountry "RUS"]
[SourceTitle "EXT 2014"]
[Source "ChessBase"]
[SourceDate "2013.11.20"]
[SourceVersion "1"]
[SourceVersionDate "2013.11.20"]
[SourceQuality "1"]

1. d4 d5 2. Nc3 Nf6 3. Bg5 e6 4. e4 Be7 5. e5 Ne4 6. Bxe7 Qxe7 7. Nxe4 dxe4 8. Qe2 Nc6 9. c3 Qh4 10. g3 Qd8 11. Qxe4 0-0 12. Bd3 g6 13. h4 Qd5 14. Nh3 Qxe4+ 15. Bxe4 f6 16. exf6 Rxf6 17. f4 Rf8 18. 0-0-0 Bd7 19. h5 gxh5 20. Ng5 Be8 21. Nxe6 Rf7 22. Rxh5 Re7 23. Rg5+ Kf7 24. d5 Nd8 25. Rf5+ Kg8 26. Rf8# 1-0